00973nam a2200169 a 4500008004100000050001600041100001600057245003700073260004900110300002400159350000900183995016500192995016500357999001700522952013200539952013200671120416s1987 ||||||||||||||||| || u aTH 1101 Bur aBurchell, J10aDesign and build in timber frame aHarlowbLongman Scientific & Technicalc1987 a[viii], 78p. : ill. a0.00 aMAIN LIBRARY OPEN ACCESSD0.00e722046FCBU-MAIN LIBRARY (Kitwe)H1I30.80jTH 1101 BurM1UAVAILABLEWJul 10, 2006y015294ZMain Library Open Access Collection aMAIN LIBRARY OPEN ACCESSD0.00e712327FCBU-MAIN LIBRARY (Kitwe)H2I30.80jTH 1101 BurM2UAVAILABLEWJul 17, 2006y015295ZMain Library Open Access Collection c63434d63434 00102lcc4070a001b001cMain Library Open Access Collectiond2022-12-24l0oTH 1101 Burp015294r2022-12-24w2022-12-24y002 00102lcc4070a001b001cMain Library Open Access Collectiond2022-12-24l0oTH 1101 Burp015295r2022-12-24w2022-12-24y002